000 00299nam a22001457a 4500
008 210528b ||||| |||| 00| 0 eng d
020 _a9780471663164
041 _aeng
080 _27th
_a53
082 _a53
100 _a43
101 _aFIZ
245 _aPhysics
_cCutnell,
942 _2udc
_cBK
999 _c57803
_d57803